00482nam a2200109Ia 4500008004100000100002600041245015100067260005100218300001100269650002300280856006900303160712s9999 xx 000 0 und d aManalo Jr., Fermin P. cFermin P. Manalo Jr.aCommunity Development Animating Peacebuilding from Below: The Case of GiNaPaLaDTaKa Space for Peace in Pikit, North Cotabato c2013bPhilippine Journal of Social Development avol. 5 xSOCIAL DEVELOPMENT uhttp://journals.upd.edu.ph/index.php/pjsd/issue/view/415/showToc